000 00592nam a2200229 a 4500
999 _c1091
_d1091
008 191125t2006 ii a|||g |||| 00| 0 eng d
020 _a9780761935032
_cRs. 495.00
040 _aKO
_beng
041 0 _aeng
044 _aii
082 0 4 _223
_a155.2
_bSe551
100 1 _aSen, Anjana
245 1 0 _aGet the Ego Advantage ! /
_cAnjana Sen
260 _aNew Delhi :
_bResponse Books ,
_c2006
300 _a147 p. :
_bill. ;
_c20 cm
650 0 _aEgo (Psychology)
650 0 _aSelf-confidence
650 0 _aSelf-actualization (Psychology)
904 _aA_BOSE
942 _cBK